Регионална библиотека "Любен Каравелов" - Русе

Откуп (Запис номер 80355)

MARC детайли
000 -Лидер
Контролно поле с фиксирана дължина 01913nam a2200373 c 4500
003 - Код на организацията, давaща контролен номер
Контролно поле BLK
005 - Дата и час на последна редакция
Контролно поле 20250128005519.0
008 - Елементи от данни с фиксирана дължина
fixed length control field 180408b bul|||||r ||||||| ||bul||
010 ## - Наследен системен номер
LC control number KNG00084840000
040 ## - Източник на каталожния запис
Идентификатор на билиотеката - собственик на записа BLK
041 ## - Код за език
Код за езика на текст/звукозапис или на отделно заглавие Български
Код за езика КДБФ Български
080 ## - УДК
Текстов определител УДК Специална част на наказателното право. Видове наказуеми действия - Срещу собствена или чужда държава и управлението, политически престъпления,геноцид(прав.аспекти), наркотрафик, против мира, обществен
УДК код - определител по УДК 343.3/.7
УДК определител (497.2)(092)(02.062)
УДК - код + определител 343.3/.7(497.2)(092)(02.062)
080 ## - УДК
Текстов определител УДК Политическо преследване. Терористични действия. Тероризъм - Атентати, политически убийства. Вж и 343.1 ; 343.3/.7
УДК код - определител по УДК 323.28
УДК определител (497.2)(092)(02.062)
УДК - код + определител 323.28(497.2)(092)(02.062)
080 ## - УДК
Текстов определител УДК Биографии
УДК код - определител по УДК 929
УДК определител (497.2)
УДК - код + определител 929(497.2)
100 1# - Редна дума - Автор
Автор Златков, Димитър
Авторска отговорност първи автор
R(LIN) 292979
139 ## - Редно поле
Редна дума Златков, Димитър
Авторски знак Злати - З 73
245 10 - Сведения за заглавието
Заглавие Откуп
Подзаглавни данни Похитени за пари
Редно поле (дума) Димитър Златков.
257 ## - Страна на издаване
Страна на създаване/издаване България
260 ## - Област на издателските данни
-- София
Име на издателя, разпространителя и проч. Милениум
Година на издаване 2008
Печатница София : Мултипринт
300 ## - Физическа характеристика
Страници 141 с.
Илюстрации и др. с ил.
Размери/Мащаб 20 см
380 ## - Жанр
Жанр Обществени науки
650 #4 - Допълнително описание по предмет – тема
Основно описание – тема или топоним Мафия - България
9 (RLIN) 250884
650 #0 - Допълнително описание по предмет – тема
Основно описание – тема или топоним Вътрешна политика - България
9 (RLIN) 249071
650 #4 - Допълнително описание по предмет – тема
Основно описание – тема или топоним Организирана престъпност - България
9 (RLIN) 277782
653 ## - Ключова дума – ненормативна
Ключова дума мафия
653 ## - Ключова дума – ненормативна
Ключова дума вътрешна политика
653 ## - Ключова дума – ненормативна
Ключова дума отвличане
852 ## - Местоположение
Форматна сигнатура Цб 240740
856 4# - Електронен адрес и достъп
Електронен формат pdf - файл
Път до файла /url/
856 4# - Електронен адрес и достъп
Електронен формат pdf - файл
Път до файла /url/
942 ## - АРТИКУЛИ
Вид на библиотечния материал Книги
Скрит в OPAC Не
Koha issues (borrowed), all copies 1
944 ## - СЪЗДАВАНЕ И РЕДАКЦИЯ на ЗАПИСА
Създаване/Редакция Създаване
Дата на регистрацията/редакция 14.08.2008
Служител, извършил регистрацията/редакцията
Статус, дата на статуса CRON CRON
944 ## - СЪЗДАВАНЕ И РЕДАКЦИЯ на ЗАПИСА
Създаване/Редакция Редакция
Дата на регистрацията/редакция 24.06.2009
Служител, извършил регистрацията/редакцията
999 ## - СИСТЕМНИ КОНТРОЛНИ НОМЕРА
Koha biblionumber 80355
Koha biblioitemnumber 80355
Наличности
Код за отписване Код за изгубен артикул Код за повреда Коз за рестрикции Код за отдаване Артикулен № Име на библиотеката - собственик Име на библиотеката, в която се намира в момента Статус (Текущо местоположение) Дата на вписване в системата Местоположение - отдел Цена в лева Инвентарен номер Систематично азбучна сигнатура Баркод Номер на екземпляра Цена в евро Служебна бележка Служебен тип на артикула Източник на класификационната схема
  Не е изгубен Не е повреден без рестрикции заемане за дома 130217 Регионална библиотека "Любен Каравелов" Русе Регионална библиотека "Любен Каравелов" Русе Заемна - подръчен фонд 2008-08-14 Заемна - подръчен фонд 5.00 120000727957 П 343/З 73 120000727957 1 2.56 Дост: Pk Вид: Ф N: 6873 Дата: 01.08.2008 Дата инв: 05.02.2018 Бележки инв: П2018 Книги  
Изтеглен Не е изгубен Не е повреден без рестрикции заемане за дома 130218 Регионална библиотека "Любен Каравелов" Русе Регионална библиотека "Любен Каравелов" Русе Заемна - подръчен фонд 2008-08-14 Заемна - подръчен фонд 5.00 120000727958 П 343/З 73 120000727958 2 2.56 Дост: Pk Вид: Ф N: 6873 Дата: 01.08.2008 Дата инв: 05.02.2018 Бележки инв: П2018 Книги  
  Не е изгубен Не е повреден без рестрикции ползва се в читалня 130219 Регионална библиотека "Любен Каравелов" Русе Регионална библиотека "Любен Каравелов" Русе Хранилище 2009-06-22 Хранилище 0.00 120000736304 Цб 240740 120000736304 3 0.00 Дост: Dp Вид: Д N: 3 Дата: 05.01.2009 Книги  
  Не е изгубен Не е повреден без рестрикции заемане за дома 833488 Регионална библиотека "Любен Каравелов" Русе Регионална библиотека "Любен Каравелов" Русе Заемна - подръчен фонд 2021-05-31 Заемна - подръчен фонд 9.00   343/З 73 Д 120000855388   4.60   Книги Universal Decimal Classification
Vip Innovations Ltd, Rousse, Bulgaria 2025